000 00660nam a2200241Ia 4500
005 20260430150430.0
008 008 250103s9999 xx 000 0 eng d
037 _aTheses
040 _aCRL
040 _beng
040 _ceng
041 _2eng
041 _aeng
084 _qCRL
100 _aKrati Vikram Au.; Rao K.S. Gu.
_91237487
245 0 _aImpact of Land Use on Soil Carbon and Nitrogen Content in the Kumaon Division of Central Himalaya, India
260 _c2022
300 _a290p.
650 _aBotany
700 _aUniversity of Delhi. Faculty of Science. Deptt. of Botany
_91237477
942 _cTH
999 _c1849765
_d1849765